Loading...
| History - American | 0 | 9 | 0 | 2 | 90 | 35 | 67.11 | 3 | 9 | 0.00 | 0.00 |
| Religion | 0 | 7 | 1 | 1 | 65 | 24 | 68.29 | 4 | 5 | 0.00 | 0.00 |
| Mythology | 0 | 6 | 1 | 0 | 55 | 53 | 75.50 | 4 | 5 | 0.00 | 0.00 |
| Social Science | 0 | 5 | 0 | 1 | 50 | 23 | 68.40 | 1 | 4 | 0.00 | 0.00 |
| History - World | 0 | 5 | 2 | 0 | 40 | 20 | 38.80 | 3 | 5 | 0.00 | 0.00 |
| Science - Chemistry | 0 | 4 | 0 | 2 | 40 | 56 | 91.00 | 0 | 4 | 0.00 | 0.00 |
| History - European | 0 | 5 | 3 | 0 | 35 | 30 | 50.60 | 3 | 5 | 0.00 | 0.00 |
| Philosophy | 0 | 4 | 1 | 1 | 35 | 40 | 75.50 | 2 | 4 | 0.00 | 0.00 |
| Fine Arts - Painting and Sculpture | 0 | 4 | 1 | 0 | 35 | 51 | 64.00 | 1 | 4 | 0.00 | 0.00 |
| History - Other | 0 | 4 | 1 | 1 | 35 | 66 | 81.25 | 0 | 4 | 0.00 | 0.00 |
| Popular Culture | 0 | 3 | 0 | 1 | 30 | 51 | 79.33 | 1 | 3 | 0.00 | 0.00 |
| Science - Physics | 0 | 3 | 0 | 0 | 30 | 28 | 40.33 | 1 | 3 | 0.00 | 0.00 |
| Literature - British | 0 | 3 | 0 | 0 | 30 | 84 | 98.33 | 1 | 2 | 0.00 | 0.00 |
| Literature - World | 0 | 3 | 1 | 2 | 25 | 109 | 113.00 | 0 | 2 | 0.00 | 0.00 |
| Science - Other | 0 | 3 | 2 | 0 | 20 | 42 | 46.67 | 1 | 3 | 0.00 | 0.00 |
| Geography | 0 | 2 | 0 | 0 | 20 | 31 | 55.00 | 2 | 2 | 0.00 | 0.00 |
| Current Events | 0 | 1 | 0 | 0 | 10 | 86 | 86.00 | 0 | 1 | 0.00 | 0.00 |
| Fine Arts - Other | 0 | 1 | 0 | 0 | 10 | 102 | 102.00 | 0 | 0 | 0.00 | 0.00 |
| Science - Biology | 0 | 1 | 0 | 1 | 10 | 81 | 81.00 | 0 | 0 | 0.00 | 0.00 |
| Literature - European | 0 | 1 | 2 | 0 | 0 | 90 | 90.00 | 0 | 1 | 0.00 | 0.00 |
| Fine Arts - Classical Music | 0 | 1 | 2 | 0 | 0 | 81 | 81.00 | 0 | 1 | 0.00 | 0.00 |
| Literature - American | 0 | 0 | 1 | 0 | -5 | 0.00 | 0 | 0 | 0.00 | 0.00 |